| 000 | 01388cam a2200229 i 4500 | ||
|---|---|---|---|
| 001 | 18343518 | ||
| 005 | 20250222151032.0 | ||
| 008 | 141022s2014 moua b 001 0 eng | ||
| 020 | _a9780323241915 (hbk.) | ||
| 050 | 0 | 0 |
_aRG951 _b.B66 2014 |
| 082 | 0 | 0 |
_a618/.04231 _223 |
| 245 | 0 | 0 |
_aMaternity nursing / _c[edited by] Deitra Leonard Lowdermilk, RNC, PhD, FAAN, Clinical Professor Emerita, School of Nursing , University of North Carlina at Chapel Hill, Chapel Hill, North Carolina, Shannon E. Perry, RN, CNS, PhD, FAAN, Professor Emerita, School of Nursing, San Francisco State University, San Fransico, California, Kitty Cashion, RN, BC, MSN, Clinical Nurse Specialist, University of Tennessee Health Science Center, College of Medicine, Department of Obstetrics & Gynecology, Division of Maternal-Fetal Medicine, Memphis, Tennessee ; associate editor, Kathryn Rhodes Alden, EdD, MSN, RN, IBCLC, Clinical Associate Professor, School of Nursing, University of North Carolina at Chapel Hill, Chapel Hill, North Carolina. |
| 250 | _a8th edition, revised reprint. | ||
| 260 |
_aMaryland Heights _bMosby/Elsevier _c2014 |
||
| 300 |
_axxi, 874 pages : _bcolor illustrations ; _c29 cm |
||
| 650 | 0 | _aMaternity nursing. | |
| 650 | 0 | _aPediatric nursing. | |
| 700 | 1 | _aLowdermilk, Deitra Leonard. | |
| 700 | 1 | _aPerry, Shannon E. | |
| 700 | 1 | _aCashion, Kitty. | |
| 942 |
_2lcc _cBK _e8th ed. _n0 |
||
| 999 |
_c4140 _d4140 |
||